[Event "ARG-ch U14"]
[Site "Buenos Aires"]
[Date "2019.03.04"]
[Round "8.5"]
[White "Boh, Luis Maximo"]
[Black "Chiappero, Julio Alfredo"]
[Result "0-1"]
[WhiteElo "1626"]
[BlackElo "1816"]
[PlyCount "86"]
[EventDate "2019.03.01"]
[EventType "swiss"]
[EventRounds "9"]
[EventCountry "ARG"]
[SourceTitle "EXT 2024"]
[Source "ChessBase"]
[SourceDate "2023.10.10"]
[SourceVersion "1"]
[SourceVersionDate "2023.10.10"]
[SourceQuality "1"]

1. d4 Nf6 2. c4 g6 3. Nc3 Bg7 4. Nf3 d6 5. Bf4 0-0 6. e3 Nbd7 7. h3 c5 8. Be2 Qb6 9. Qc2 Re8 10. d5 a6 11. 0-0 Nf8 12. e4 Nh5 13. Bh2 Qa5 14. Bd3 Bd7 15. e5 dxe5 16. Nxe5 Bxe5 17. Bxe5 f6 18. Bh2 Ng7 19. d6 Bc6 20. Be4 e6 21. Bxc6 bxc6 22. Ne4 Nd7 23. Nc3 Nf5 24. Ne2 Qb4 25. b3 a5 26. g4 Nd4 27. Qe4 Nxe2+ 28. Qxe2 Qc3 29. Kg2 e5 30. Qe4 Rac8 31. Rfd1 Kf7 32. Rac1 Qb4 33. Rd3 Qb6 34. Qe2 Rcd8 35. Rcd1 Nf8 36. Qe4 Ne6 37. d7 Re7 38. Rd6 Nd4 39. R1xd4 cxd4 40. Rxc6 Qb4 41. Qf3 Re6 42. Rc8 Rxd7 43. Qa8 Qb7+ 0-1

[Event "Moron Amateur-ch"]
[Site "Moron"]
[Date "2018.07.24"]
[Round "5"]
[White "Chiguay, Tomas Agustin"]
[Black "Boh, Luis Maximo"]
[Result "0-1"]
[WhiteElo "1810"]
[BlackElo "1553"]
[PlyCount "66"]
[EventDate "2018.07.17"]
[EventType "swiss"]
[EventRounds "7"]
[EventCountry "ARG"]
[SourceTitle "EXT 2019"]
[Source "ChessBase"]
[SourceDate "2018.10.10"]
[SourceVersion "1"]
[SourceVersionDate "2018.10.10"]
[SourceQuality "1"]

1. e4 c5 2. Nf3 e6 3. d4 cxd4 4. Nxd4 Nf6 5. Nc3 d6 6. Be3 a6 7. Qd2 b5 8. f3 Bb7 9. g4 Nbd7 10. h4 b4 11. Na4 d5 12. g5 Nh5 13. exd5 Bxd5 14. Bg2 Bd6 15. Nf5 Bc7 16. Nd4 0-0 17. Rf1 Qb8 18. Nf5 Re8 19. Nd4 Nf4 20. 0-0-0 Nxg2 21. Qxg2 Ne5 22. h5 Nc4 23. Bg1 Bf4+ 24. Kb1 Qe5 25. g6 Qxh5 26. gxf7+ Qxf7 27. b3 Na3+ 28. Kb2 Rac8 29. Nb6 Rc3 30. Nxd5 exd5 31. Rd3 Rxd3 32. cxd3 Rc8 33. Rd1 Qc7 0-1